Ekipa Friza - Pracownicy - Statystyki

Ogólne statystyki
  • Ten quiz został rozwiązany 551 razy
  • Średni wynik to 7 z 15
Statystyki odpowiedzi
specjalizacja Odpowiedź % Poprawnych
operator Dżo Dżo
86%
operator Piotrullo
79%
montażysta Alvin
72%
asytentka Monia
72%
menadżer Wersow Asertywny Kamil
62%
fotograf ekipy Nowciax
58%
fryzjerka ekipy Sylwia Gaczorek
43%
montażysta Maciek
40%
montażysta Arek
38%
pracownik Ekipa to nosi Cichy
34%
asystentka Klaudia
27%
pomocnik Heniu
26%
budowniczy Majster
24%
operator Dejvid
19%
budowniczy Matuss
19%
Nie znaleziono quizów pasujących do podanych kryteriów
Rozkład punktacji
Procent ludzi z każdym wynikiem
Percentyl według liczby udzielonych odpowiedzi
Twoja historia wyników
Nie rozwiązałeś tego quizu